000 00328nam a2200145 i 4500
001 bg
100 1 _aTUSZKO, Aleksander
245 0 _aWisła /
_cAleksander Tuszko.
250 _aWyd. 2 rozszerz.
260 _aWarszawa,
_c1984.
040 _cBPK
041 _apol
942 _cKS
008 s pl f |000 0 pol
999 _c22836
_d22836
856 _uhttp://koha.tu.koszalin.pl/cgi-bin/koha/opac-detail.pl?biblionumber=22836
_yKatalog online BPK